| 000 | 00359nam a2200121Ia 4500 | ||
|---|---|---|---|
| 008 | 180117s9999 xx 000 0 und d | ||
| 100 | _aby Jayvee Fernandez | ||
| 245 | _aAdvice for the Future Fathers | ||
| 260 | _c2017 | ||
| 300 | _a10-12 pages, 2017 June 18 | ||
| 440 | _aPhilippine Panorama | ||
| 650 | _aTRANSFORMATION FROM BOY TO MAN TO FATHER TAKES TIME | ||
| 999 |
_c353619 _d353619 |
||